Načítá se...

Successors of the Satavahanas in lower Deccan /

Podrobná bibliografie
Hlavní autor: Sircar, Dineschandra
Jazyk:Undetermined
Vydáno: 1939.
LEADER 00391nam a2200121Ia 4500
001 94401
008 170722s9999 xx 000 0 und d
100 |a Sircar, Dineschandra 
245 |a Successors of the Satavahanas in lower Deccan / 
260 |c 1939. 
942 |c GEN 
999 |c 32846  |d 32846 
952 |0 0  |1 0  |4 0  |6 V_211_D_G9_CR  |7 0  |9 42077  |a LIB  |b LIB  |d 2017-08-12  |o V21:1.D G9 CR  |p 19217  |r 2017-08-12  |w 2017-08-12  |y GEN